| 000 | 00749cam a2200229Ii 4500 | ||
|---|---|---|---|
| 999 |
_c44710 _d44710 |
||
| 001 | 5132423 | ||
| 003 | OCoLC | ||
| 005 | 20181113140239.0 | ||
| 008 | 790702t19711935gw 000 0 eng d | ||
| 040 |
_aCCH _cCCH _dOCL _dEXN |
||
| 049 | _aEXNs | ||
| 130 | 0 |
_aBible. _pOld Testament _lGreek. _sSeptuagint. _f1935. |
|
| 245 | 1 | 0 |
_aSeptuaginta : _bid est Vetus Testamentum graece iuxta LXX interpretes / _cedidit Alfred Rahlfs. |
| 260 |
_aStuttgart : _bWürttembergische Bibelanstalt, _c1971. |
||
| 300 |
_axlvii, 1184 p. ; _c25 cm. |
||
| 336 | _atext | ||
| 337 | _aunmediated | ||
| 338 | _avolume | ||
| 500 | _aGreek text, with prefaces and introduction in German, English and Latin. | ||
| 700 | 1 |
_aRahlfs, Alfred, _d1865-1935, _eed. |
|
| 942 |
_2lcc _cBK |
||